Фонтанная и газлифтная эксплуатация скважин: учебное пособие для вузов

Detaylı Bibliyografya
Yazar: Мохов М. А. Михаил Альбертович
Müşterek Yazar: Российский государственный университет нефти и газа им. И. М. Губкина (РГУ Нефти и Газа)
Diğer Yazarlar: Сахаров В. А. Виктор Александрович
Özet:Приведены данные по технологии добычи нефти и оборудованию скважин при фонтанном и газлифтном способах эксплуатации нефтяных месторождений, даны основные методики и примеры расчетов при выборе оборудования и режима работы скважин.
Dil:Rusça
Baskı/Yayın Bilgisi: Москва, Недра, 2008
Seri Bilgileri:Приоритетные национальные проекты "Образование"
Konular:
Materyal Türü: MixedMaterials Kitap
KOHA link:https://koha.lib.tpu.ru/cgi-bin/koha/opac-detail.pl?biblionumber=318371

MARC

LEADER 00000nam0a2200000 4500
001 318371
005 20231102003053.0
010 |a 9785836503123 
035 |a (RuTPU)RU\TPU\book\343869 
090 |a 318371 
100 |a 20160426d2008 m y0rusy50 ca 
101 0 |a rus 
102 |a RU 
105 |a a j 001zy 
200 1 |a Фонтанная и газлифтная эксплуатация скважин  |e учебное пособие для вузов  |f М. А. Мохов, В. А. Сахаров  |g Российский государственный университет нефти и газа им. И. М. Губкина (РГУ Нефти и Газа) 
210 |a Москва  |c Недра  |d 2008 
215 |a 188 с.  |c ил. 
225 1 |a Приоритетные национальные проекты "Образование" 
320 |a Библиогр.: с. 185-186 
330 |a Приведены данные по технологии добычи нефти и оборудованию скважин при фонтанном и газлифтном способах эксплуатации нефтяных месторождений, даны основные методики и примеры расчетов при выборе оборудования и режима работы скважин. 
606 1 |a Нефтяные скважины  |x Фонтанирование  |2 stltpush  |3 (RuTPU)RU\TPU\subj\66946  |9 82910 
610 1 |a фонтанная эксплуатация 
610 1 |a газлифтная эксплуатация 
610 1 |a оборудование 
610 1 |a газожидкостные потоки 
610 1 |a параметры 
610 1 |a уравнения 
610 1 |a расчет 
610 1 |a газожидкостные смеси 
610 1 |a движение по трубам 
610 1 |a промысловые подъемники 
610 1 |a газлифтные скважины 
610 1 |a учебные пособия 
675 |a 622.276.51(075.8)  |v 4 
700 1 |a Мохов  |b М. А.  |g Михаил Альбертович 
701 1 |a Сахаров  |b В. А.  |g Виктор Александрович 
712 0 2 |a Российский государственный университет нефти и газа им. И. М. Губкина (РГУ Нефти и Газа)  |c (Москва)  |c (1998- )  |2 stltpush  |3 (RuTPU)RU\TPU\col\408 
801 1 |a RU  |b 63413507  |c 20160426 
801 2 |a RU  |b 63413507  |c 20160719  |g RCR 
942 |c BK 
959 |a 37/20160415  |d 2  |e 670,00  |f ЧЗТЛ:1  |f УФ:1